• 首页
  • 本馆介绍
  • 公告通知
  • 最新文献
  • 馆藏检索
  • 电子资源
  • 读者导购
  • 参考咨询
  • 我的图书馆
  • 登录
  • 详细信息显示
  • 放入我的书架
  • 预约/预借图书
  • 作者相关作品
  • 分类相关作品
  • 丛书相关作品
  • 出版社相关作品

书目信息

  • 表格格式
  • 工作单格式
  • 卡片格式
题名:
中华人民共和国计量器具检定规程
    
 
作者: ;国家计量总局
分册: JJG 196-79(试行)   基本玻璃量器
出版信息: 北京   国家计量总局  1980
页数: 18页
开本: 19cm
丛书名:
单 册:
中图分类: TH715.3
科图分类:
主题词: 计量仪器
电子资源:
ISBN:
000 00682nam0 2200205 450
001 0637462059
005 20060813102651.18
010    @dCNY0.17
091    @a15210.10
100    @a20060813d1980 km y0chiy0120 ea
101 0  @achi
200 1  @a中华人民共和国计量器具检定规程@Azhong hua ren min gong he guo ji liang qi ju jian ding gui cheng@hJJG 196-79(试行)@i基本玻璃量器@f国家计量总局@Fguo jia ji liang zong ju
210    @a北京@c国家计量总局@d1980
215    @a18页@d19cm
517 1  @a基本玻璃量器@Aji ben bo li liang qi
606 0  @a计量仪器
690    @aTH715.3@v3
711  0 @a国家计量总局@Aguo jia ji liang zong ju
801  0 @aCN@bPFT@c20060813
905    @a10447@dTH715.3@e43
    
    中华人民共和国计量器具检定规程.JJG 196-79(试行).基本玻璃量器/国家计量总局.-北京:国家计量总局,1980
    18页;19cm
    
    
    ISBN :CNY0.17
    
●
相关链接 在E读中查询图书 在五车中查询图书 在当当中查询图书 在豆瓣中查询图书


正题名:中华人民共和国计量器具检定规程     索取号:TH715.3/43         预约/预借

序号 登录号 条形码 馆藏地/架位号 状态 备注
1 0452524   204525246   密集书库/ [索取号:TH715.3/43] 在馆    
唐山师范学院图书馆 欢迎您!
大连网信软件有限公司© 版权所有